Đánh thức nguồn năng lượng vô hạn

Gardado en:
Detalles Bibliográficos
Autor Principal: Robbins, Anthony
Formato: Libro
Idioma:Undetermined
Publicado: Hà Nội Từ điển Bách khoa 2007
Những chủ đề:
Các nhãn: Engadir etiqueta
Sen Etiquetas, Sexa o primeiro en etiquetar este rexistro!
Thư viện lưu trữ: Trung tâm Học liệu Trường Đại học Cần Thơ
LEADER 00595nam a2200193Ia 4500
001 CTU_128348
008 210402s9999 xx 000 0 und d
020 |c 40000 
082 |a 001.1 
082 |b R632 
100 |a Robbins, Anthony 
245 0 |a Đánh thức nguồn năng lượng vô hạn 
245 0 |c Anthony Robbins ; Tuyết Minh, (N. Kiến Văn) dịch 
260 |a Hà Nội 
260 |b Từ điển Bách khoa 
260 |c 2007 
650 |a Knowledge,Intellectual life 
904 |i M.Loan 
980 |a Trung tâm Học liệu Trường Đại học Cần Thơ